| 000 | 00870cam a22002775a 4500 | ||
|---|---|---|---|
| 001 | 015386521 | ||
| 003 | OSt | ||
| 005 | 20240818093024.0 | ||
| 008 | 090930t2010 caua fr 001 0 eng d | ||
| 020 | _a9780495831501 | ||
| 020 | _a0495831506 | ||
| 040 |
_aStDuBDS _beng _cStDuBDS _dUk _dEG-ScBUE |
||
| 082 | 0 | 4 |
_222 _a515 _bTAN |
| 100 | 1 |
_aTan, S. T. _q(Soo Tang) _936754 |
|
| 245 | 1 | 0 |
_aMultivariable calculus / _cSoo Tan. |
| 250 | _aInternational ed. | ||
| 260 |
_aBelmont : _bBrooks / Cole ; _aAndover : _bCengage Learning [distributor], _cc.2010. |
||
| 300 |
_a1 v. (various pagings) : _bill. (chiefly col.) ; _c26 cm. |
||
| 500 | _aIncludes index. | ||
| 650 | 7 |
_aCalculus. _2BUEsh _92017 |
|
| 653 |
_bGGEN _cMarch2017 |
||
| 942 |
_2ddc _hRDA-MOD |
||
| 999 |
_c24561 _d24533 |
||
| 336 |
_2rdacontent _atext _btxt |
||
| 337 |
_aunmediated _2rdamedia _bn |
||
| 338 |
_avolume _bnc _2rdacarrier |
||